Etudes et leçons sur la Revolution Française (Record no. 151107)
[ view plain ]
| 000 -LEADER | |
|---|---|
| campo de control de longitud fija | 00703nam a2200217 i 4500 |
| 001 - NÚMERO DE CONTROL | |
| campo de control | 151107 |
| 003 - IDENTIFICADOR DE NÚMERO DE CONTROL | |
| campo de control | ES-MaACL |
| 005 - FECHA Y HORA DE LA ÚLTIMA TRANSACCIÓN | |
| campo de control | 20231103062534.0 |
| 007 - CAMPO FIJO DE DESCRIPCIÓN FÍSICA--INFORMACIÓN GENERAL | |
| campo de control de longitud fija | t| |
| 008 - DATOS DE LONGITUD FIJA--INFORMACIÓN GENERAL | |
| campo de control de longitud fija | 071210s19091913fr ||||1| fre d |
| 080 ## - NÚMERO DE LA CLASIFICACIÓN DECIMAL UNIVERSAL | |
| Número de la Clasificación Decimal Universal | 94(44)"1789/99" |
| 100 1# - ENTRADA PRINCIPAL--NOMBRE DE PERSONA | |
| Nombre de persona | Aulard, Alphonse. |
| 9 (RLIN) | 23905 |
| 245 10 - MENCIÓN DEL TÍTULO | |
| Título | Etudes et leçons sur la Revolution Française |
| Resto del título | : Série I-VII / |
| Mención de responsabilidad, etc. | par Alphonse Aulard. |
| 260 ## - PUBLICACIÓN, DISTRIBUCIÓN, ETC. | |
| Lugar de publicación, distribución, etc. | Paris : |
| Nombre del editor, distribuidor, etc. | F. Alcan, |
| Fecha de publicación, distribución, etc. | 1909-1913. |
| 300 ## - DESCRIPCIÓN FÍSICA | |
| Extensión | 7 v. ; |
| Dimensiones | 19 cm. |
| 490 1# - MENCIÓN DE SERIE | |
| Mención de serie | Bibliothèque d'histoire contemporaine |
| 651 #4 - PUNTO DE ACCESO ADICIONAL DE MATERIA--NOMBRE GEOGRÁFICO | |
| Nombre geográfico | Francia- |
| Subdivisión general | Historia- |
| Subdivisión cronológica | 1789-1799, Revolución |
| 9 (RLIN) | 8685 |
| 830 0# - PUNTO DE ACCESO ADICIONAL DE SERIE-TÍTULO UNIFORME | |
| Título uniforme | Bibliothèque d'histoire contemporaine |
| 9 (RLIN) | 180875 |
| 852 ## - LOCALIZACIÓN | |
| Ubicación | ES-MaACL |
| Número de control de estantería | G-7243-9 |
| Estatus retirado | Estado de pérdida | Estado de daño | No para préstamo | Biblioteca de origen | Biblioteca actual | Ubicación en estantería | Fecha de adquisición | Fuente de adquisición | Total de préstamos | Signatura topográfica completa | Código de barras | Visto por última vez | Precio de reemplazo | Tipo de ítem Koha |
|---|---|---|---|---|---|---|---|---|---|---|---|---|---|---|
| Biblioteca del Ateneo de Madrid | Biblioteca del Ateneo de Madrid | Depósito 2 | 17/01/2008 | G-7243-9 | 1157678 | 23/02/2023 | 23/02/2023 | Libro impreso |
